Historia y conciencia histórica en Raymond Aron /
Este artículo versa sobre la posición de Raymond Aron en torno a la visión positivista de la historia. También sobre la importancia de una filosofía de la historia para intentar la búsqueda de una síntesis global de la misma, todo ello en contraposición con las posiciones deterministas tanto utópica...
Salvato in:
| Autore principale: | |
|---|---|
| Natura: | testo |
| Soggetti: | |
| Tags: |
Aggiungi Tag
Nessun Tag, puoi essere il primo ad aggiungerne!!
|
MARC
| LEADER | 00000 a a2200000 04500 | ||
|---|---|---|---|
| 001 | 14478 | ||
| 003 | |||
| 040 | |||
| 100 | |a López Avendaño, Olimpia | ||
| 245 | |a Historia y conciencia histórica en Raymond Aron / |c Olimpia López Avendaño | ||
| 500 | |a Resumen también en Inglés | ||
| 520 | |a Este artículo versa sobre la posición de Raymond Aron en torno a la visión positivista de la historia. También sobre la importancia de una filosofía de la historia para intentar la búsqueda de una síntesis global de la misma, todo ello en contraposición con las posiciones deterministas tanto utópicas como fatalistas | ||
| 650 | |a HISTORIA | ||
| 650 | |a FILOSOFIA | ||
| 650 | |a CIENCIAS NATURALES | ||
| 773 | |g número 103 -104 (I -II); páginas 11-22 | ||
| 999 | |c 38662 |d 38662 | ||
| 773 | 0 | |0 18728 |9 3035 |a Universidad de Costa Rica |d San José, Costa Rica Editorial UCR 1956- |o 18151 |t Revista de Ciencias Sociales/ |x 04825276 | |
